Missing Word: Bad Movies II Quiz Stats

 Plays Quiz Updated Sep 11, 2017

Challenge
Share
Tweet
Embed
Score 0/18 Timer 05:00
6 Plays Today
Movie Missing Word % Correct
_____ and FuriousFast
98.6%
The _____ After TomorrowDay
98.3%
Dumb and _____ ToDumber
97.9%
Austin _____ in GoldmemberPowers
94%
The _____ PlannerWedding
93.8%
The Passion of the _____Christ
89.4%
A Million Ways To _____ In The WestDie
88.5%
The _____ Traveler's WifeTime
86.8%
Meet the _____Fockers
82.5%
Movie Missing Word % Correct
_____ Bosses 2Horrible
82%
White House _____Down
75.1%
Now You _____ MeSee
72.4%
_____ & AliensCowboys
72.4%
Extremely _____ & Incredibly CloseLoud
67.3%
An American Tale: Fievel Goes _____West
65.4%
Jennifer's _____Body
50.8%
The Invention of _____Lying
44%
Vampire _____Academy
13.1%

Today's Daily Dose

You're not logged in!

Compare scores with friends on all Sporcle quizzes.
OR
Log In

You Might Also Like...

Show Comments

Extras

Top Quizzes Today


Score Distribution

Your Account Isn't Verified!

In order to create a playlist on Sporcle, you need to verify the email address you used during registration. Go to your Sporcle Settings to finish the process.

Report this User

Report this user for behavior that violates our Community Guidelines.

Details: